Tilastot visalle Euroopan 10 kaukaisinta pääkaupunkia

Klikkaa tästä pelataksesi tätä visaa!

Yleistilastot

  • Tätä visaa on pelattu 531 kertaa
  • Keskiarvotulos 8 / 10

Vastaustilastot

EtäisyysLähin pääkaupunkiPääkaupunki% Oikein
1493 kmDublinReykjavik
96%
500 kmMadridLissabon
91%
675 kmMinskMoskova
91%
494 kmAndorra la VellaMadrid
84%
417 kmTukholmaOslo
83%
489 kmSkopjeAteena
79%
463 kmLontooDublin
78%
401 kmChisinauKiova
77%
392 kmVilnaVarsova
54%
494 kmMadridAndorra la Vella
40%

Tulosjakauma

Persentiili vastausten määrän mukaan

Jokaisen tuloksen saaneiden osuus

Tuloshistoriasi

Et ole pelannut tätä visaa